<?xml version="1.0" encoding="UTF-8"?>
<record
    xmlns:xsi="http://www.w3.org/2001/XMLSchema-instance"
    xsi:schemaLocation="http://www.loc.gov/MARC21/slim http://www.loc.gov/standards/marcxml/schema/MARC21slim.xsd"
    xmlns="http://www.loc.gov/MARC21/slim">

  <leader>00585nam a22001577a 4500</leader>
  <controlfield tag="008">160217b        xxu||||| |||| 00| 0 eng d</controlfield>
  <datafield tag="082" ind1=" " ind2=" ">
    <subfield code="a">709.2</subfield>
    <subfield code="b">F628p</subfield>
  </datafield>
  <datafield tag="100" ind1=" " ind2=" ">
    <subfield code="a">Pedro Figari</subfield>
    <subfield code="9">4724</subfield>
  </datafield>
  <datafield tag="110" ind1=" " ind2=" ">
    <subfield code="a">Museo Municipal de Bellas Artes Juan Manuel Blanes.</subfield>
    <subfield code="9">4725</subfield>
  </datafield>
  <datafield tag="245" ind1=" " ind2=" ">
    <subfield code="a">Pedro Figari, 1861-1938.</subfield>
    <subfield code="c">Pedro Figari</subfield>
  </datafield>
  <datafield tag="260" ind1=" " ind2=" ">
    <subfield code="a">Montevideo</subfield>
    <subfield code="b">Museo Municipal de Bellas Artes Juan Manuel Blanes</subfield>
    <subfield code="c">1999</subfield>
  </datafield>
  <datafield tag="300" ind1=" " ind2=" ">
    <subfield code="a">57 p</subfield>
    <subfield code="b"> illustrations (some color)</subfield>
    <subfield code="c">25 cm</subfield>
  </datafield>
  <datafield tag="600" ind1=" " ind2=" ">
    <subfield code="a">Pedro Figari</subfield>
    <subfield code="9">4726</subfield>
  </datafield>
  <datafield tag="650" ind1=" " ind2=" ">
    <subfield code="a">Exhibiciones </subfield>
    <subfield code="v">Biografia</subfield>
    <subfield code="y">Arte Contemporaneo</subfield>
    <subfield code="z">Uruguay</subfield>
    <subfield code="9">4727</subfield>
  </datafield>
  <datafield tag="700" ind1=" " ind2=" ">
    <subfield code="a">Pedro Figari</subfield>
    <subfield code="9">4728</subfield>
  </datafield>
  <datafield tag="999" ind1=" " ind2=" ">
    <subfield code="c">857</subfield>
    <subfield code="d">857</subfield>
  </datafield>
  <datafield tag="952" ind1=" " ind2=" ">
    <subfield code="0">0</subfield>
    <subfield code="1">0</subfield>
    <subfield code="2">ddc</subfield>
    <subfield code="4">0</subfield>
    <subfield code="7">0</subfield>
    <subfield code="a">LV</subfield>
    <subfield code="b">LV</subfield>
    <subfield code="c">Monograf&#xED;as</subfield>
    <subfield code="d">2016-02-17</subfield>
    <subfield code="l">0</subfield>
    <subfield code="o">709.2 F628p</subfield>
    <subfield code="p">000756</subfield>
    <subfield code="r">2016-02-17 00:00:00</subfield>
    <subfield code="w">2016-02-17</subfield>
    <subfield code="y">01</subfield>
  </datafield>
</record>
